Guide de l'estudiant en psychologie.

محفوظ في:
التفاصيل البيبلوغرافية
المؤلف الرئيسي: Reuchlin, Maurice (autor)
مؤلفون آخرون: Huteau, Michel (autor) (autor)
التنسيق: كتاب
اللغة:الفرنسية
الموضوعات:
الوسوم: إضافة وسم
لا توجد وسوم, كن أول من يضع وسما على هذه التسجيلة!

MARC

LEADER 00000cam^a2200000uu^4500
001 000477858
005 20250521000000.0
008 050901s1973^^^^^^^^^^^^rd^r^^000^0^fre^d
009 20260310124900.893
035 |a FCE 000020848 
035 |a FCE 031126 
037 |a Acervo ITESO - Biblioteca 
041 |a FRA 
082 0 4 |a 150.1  |b REUg 
100 |a Reuchlin, Maurice  |e (autor) 
245 1 0 |a Guide de l'estudiant en psychologie. 
264 |a París :  |b Universitaries de France,  |c 1973. 
300 |a 304 p. 
336 |a texto  |b txt  |2 rdacontenido 
337 |a sin mediación  |b n  |2 rdamedio 
338 |a volumen  |b nc  |2 rdasoporte 
649 |a XX 
650 |a Guía 
650 |a Metodología de la enseñanza 
650 |a Estudiantes 
650 |a Psicología 
650 |a Enseñanza 
700 |a Huteau, Michel  |e (autor) 
910 |a Fondo Centro de Estudios Educativos 
920 |a Impresos - Libros 
930 |a Fondos Especiales 
905 |a 133 
901 |a ALE031126  |b IT2  |c CEE  |u 20250521 
902 |a https://opac.biblio.iteso.mx/vufind/Record/000477858